000 00714nam a2200289Ia 4500
005 20260324115351.0
008 008 260324s9999 xx 000 0 eng d
020 _a9781315153599
037 _aEBOOK
040 _aCRL
040 _beng
040 _cCRL
041 _2eng
041 _aeng
084 _qCRL
100 _aJ. Chris White
_91154388
245 0 _aStructured for Success
245 0 _bWhat Leaders Need to Know to Build and Sustain Effective Organizations
260 _bTaylor and Francis
260 _c2018
365 _a
365 _b86.99
856 _uhttp://www.taylorfrancis.com/books/9781315153599
942 _cEBOOK
999 _c1745227
_d1745227